[Event "Memorial Romana Baka"]
[Site "Chorzow"]
[Date "2016.09.20"]
[Round "6.3"]
[White "Pawlowski, Maciej"]
[Black "Faron, Rafal"]
[Result "0-1"]
[BlackElo "2062"]
[WhiteElo "2006"]
[LiveChessVersion "1.4.8"]

1. e4 {[%clk 1:30:57]} Nf6 {[%clk 1:29:19]} 2. e5 {[%clk 1:30:55]} Nd5
{[%clk 1:29:24]} 3. Nc3 {[%clk 1:31:12]} Nxc3 {[%clk 1:29:50]} 4. dxc3
{[%clk 1:31:35]} d6 {[%clk 1:30:17]} 5. Nf3 {[%clk 1:31:22]} dxe5
{[%clk 1:30:38]} 6. Qxd8+ {[%clk 1:31:37]} Kxd8 {[%clk 1:31:07]} 7. Nxe5
{[%clk 1:31:57]} Ke8 {[%clk 1:31:34]} 8. Bc4 {[%clk 1:31:51]} e6 {[%clk 1:31:46]}
9. Be3 {[%clk 1:27:12]} Bd6 {[%clk 1:26:18]} 10. Nd3 {[%clk 1:22:43]} Bd7
{[%clk 1:16:30]} 11. a4 {[%clk 1:12:37]} Nc6 {[%clk 1:02:10]} 12. Nc5
{[%clk 1:04:52]} Ne5 {[%clk 0:35:00]} 13. Bb5 {[%clk 0:58:05]} Bxc5
{[%clk 0:34:55]} 14. Bxc5 {[%clk 0:58:29]} a6 {[%clk 0:35:09]} 15. Bxd7+
{[%clk 0:52:07]} Nxd7 {[%clk 0:35:13]} 16. Be3 {[%clk 0:52:27]} Ke7
{[%clk 0:27:41]} 17. O-O-O {[%clk 0:46:33]} b5 {[%clk 0:27:03]} 18. a5
{[%clk 0:35:09]} Rhd8 {[%clk 0:25:05]} 19. Rhe1 {[%clk 0:34:49]} f6
{[%clk 0:24:31]} 20. Bf4 {[%clk 0:29:35]} e5 {[%clk 0:22:11]} 21. Bg3
{[%clk 0:29:28]} g5 {[%clk 0:22:24]} 22. f4 {[%clk 0:27:09]} gxf4
{[%clk 0:22:29]} 23. Bxf4 {[%clk 0:27:34]} Nc5 {[%clk 0:21:47]} 24. Be3
{[%clk 0:25:47]} Rxd1+ {[%clk 0:22:00]} 25. Kxd1 {[%clk 0:25:43]} Nb7
{[%clk 0:22:17]} 26. b4 {[%clk 0:25:42]} Ke6 {[%clk 0:21:59]} 27. Ke2
{[%clk 0:25:39]} Nd6 {[%clk 0:21:49]} 28. Kf3 {[%clk 0:23:57]} h5
{[%clk 0:20:36]} 29. g4 {[%clk 0:23:25]} hxg4+ {[%clk 0:20:41]} 30. Kxg4
{[%clk 0:23:49]} f5+ {[%clk 0:20:40]} 31. Kf3 {[%clk 0:23:40]} Rh8
{[%clk 0:20:57]} 32. Bf4 {[%clk 0:17:09]} Ne4 {[%clk 0:18:42]} 33. Bg3
{[%clk 0:16:14]} Rd8 {[%clk 0:17:31]} 34. h4 {[%clk 0:15:37]} Rg8
{[%clk 0:17:45]} 35. Bf2 {[%clk 0:15:05]} Rg4 {[%clk 0:17:54]} 36. Rh1
{[%clk 0:14:48]} Rf4+ {[%clk 0:17:58]} 0-1

[Event "Memorial Romana Baka"]
[Site "Chorzow"]
[Date "2016.09.20"]
[Round "6.4"]
[White "Bensaid, Simon"]
[Black "Morkisz, Bogdan"]
[Result "0-1"]
[BlackElo "2020"]
[WhiteElo "1970"]
[LiveChessVersion "1.4.8"]

1. e4 {[%clk 1:30:51]} e6 {[%clk 1:30:46]} 2. d4 {[%clk 1:31:14]} d5
{[%clk 1:31:12]} 3. Nc3 {[%clk 1:31:37]} Bb4 {[%clk 1:31:38]} 4. e5
{[%clk 1:31:56]} Qd7 {[%clk 1:32:02]} 5. a3 {[%clk 1:31:55]} Bxc3+
{[%clk 1:32:29]} 6. bxc3 {[%clk 1:32:16]} b6 {[%clk 1:32:55]} 7. Qg4
{[%clk 1:31:56]} f5 {[%clk 1:33:21]} 8. Qg3 {[%clk 1:32:02]} Ba6 {[%clk 1:33:46]}
9. Bxa6 {[%clk 1:32:16]} Nxa6 {[%clk 1:34:11]} 10. Ne2 {[%clk 1:31:54]} O-O-O
{[%clk 1:34:09]} 11. a4 {[%clk 1:31:25]} Nb8 {[%clk 1:34:35]} 12. a5
{[%clk 1:30:55]} Nc6 {[%clk 1:35:00]} 13. Nf4 {[%clk 0:32:35]} Nh6
{[%clk 1:16:05]} 14. axb6 {[%clk 0:30:38]} cxb6 {[%clk 1:13:51]} 15. Nh5
{[%clk 0:28:09]} Nf7 {[%clk 1:05:49]} 16. Qxg7 {[%clk 0:17:18]} Rhg8
{[%clk 0:58:57]} 17. Qf6 {[%clk 0:16:49]} Rg6 {[%clk 0:56:03]} 18. Qh4
{[%clk 0:17:11]} Na5 {[%clk 0:53:16]} 19. O-O {[%clk 0:10:10]} Rdg8
{[%clk 0:47:32]} 20. Nf6 {[%clk 0:10:03]} Rxg2+ {[%clk 0:47:49]} 21. Kh1
{[%clk 0:10:03]} Qd8 {[%clk 0:47:50]} 22. Qh3 {[%clk 0:06:00]} R8g6
{[%clk 0:40:41]} 23. c4 dxc4 {[%clk 0:37:34]} 24. Qf3 {[%clk 0:01:26]} Qc7
{[%clk 0:15:52]} 25. Bf4 {[%clk 0:01:51]} Qc6 {[%clk 0:14:24]} 26. Qxc6+
{[%clk 0:02:13]} Nxc6 {[%clk 0:14:49]} 27. c3 {[%clk 0:02:07]} Rxf6
{[%clk 0:14:04]} 28. Kxg2 {[%clk 0:02:19]} Rg6+ {[%clk 0:14:22]} 29. Kf3
{[%clk 0:02:38]} a5 {[%clk 0:13:17]} 30. Rg1 {[%clk 0:00:50]} b5 {[%clk 0:13:07]}
31. Rgb1 {[%clk 0:00:42]} b4 {[%clk 0:13:26]} 32. cxb4 {[%clk 0:01:02]} Nxd4+
{[%clk 0:13:28]} 33. Ke3 {[%clk 0:01:24]} Nc2+ {[%clk 0:13:40]} 34. Kd2
{[%clk 0:01:46]} Nxa1 {[%clk 0:14:03]} 35. Rxa1 {[%clk 0:02:06]} axb4
{[%clk 0:14:09]} 36. Ra4 {[%clk 0:02:01]} Rg4 {[%clk 0:14:14]} 37. Ke3
{[%clk 0:02:09]} Nxe5 {[%clk 0:11:26]} 38. f3 {[%clk 0:01:08]} Rxf4
{[%clk 0:11:48]} 39. Kxf4 {[%clk 0:01:30]} Nd3+ {[%clk 0:12:14]} 40. Ke3
{[%clk 0:01:41]} f4+ {[%clk 0:11:58]} 41. Kd4 {[%clk 0:01:51]} e5+
{[%clk 0:12:16]} 42. Kd5 {[%clk 0:01:26]} c3 {[%clk 0:12:21]} 43. Kc6
{[%clk 0:01:37]} Kb8 {[%clk 0:11:04]} 44. Ra6 {[%clk 0:00:53]} c2
{[%clk 0:10:51]} 0-1

[Event "Memorial Romana Baka"]
[Site "Chorzow"]
[Date "2016.09.20"]
[Round "6.6"]
[White "Szczecina, Kamil"]
[Black "Ociepka, Tomasz"]
[Result "1-0"]
[BlackElo "1915"]
[WhiteElo "1773"]
[LiveChessVersion "1.4.8"]

1. e4 {[%clk 1:27:34]} c5 {[%clk 1:30:57]} 2. Nf3 {[%clk 1:27:55]} e6
{[%clk 1:31:21]} 3. b3 {[%clk 1:27:41]} d6 {[%clk 1:30:29]} 4. Bb2
{[%clk 1:28:00]} Nf6 {[%clk 1:30:21]} 5. e5 {[%clk 1:27:22]} dxe5
{[%clk 1:30:37]} 6. Nxe5 {[%clk 1:27:35]} Be7 {[%clk 1:30:38]} 7. f4
{[%clk 1:23:46]} O-O {[%clk 1:22:27]} 8. Bd3 {[%clk 1:23:51]} Qc7
{[%clk 1:02:52]} 9. Na3 {[%clk 0:36:22]} Nbd7 {[%clk 0:51:58]} 10. O-O
{[%clk 0:36:11]} b6 {[%clk 0:48:48]} 11. Nb5 {[%clk 0:27:50]} Qb8
{[%clk 0:38:20]} 12. Nc6 {[%clk 0:27:50]} 1-0